Name Every Survivor Season! - Statistics

General Stats
  • This quiz has been taken 187 times
  • The average score is 28 of 38
Answer Stats
Hint Answer % Correct
1 Borneo
93%
3 Africa
92%
2 The Australian Outback
90%
8 All Stars
86%
7 Pearl Islands
85%
15 China
83%
14 Fiji
82%
27 Blood vs. Water
81%
16 Micronesia - Fans vs. Favorites
81%
6 The Amazon
79%
10 Palau
78%
19 Samoa
78%
12 Panama - Exile Island
77%
22 Redemption Island
77%
5 Thailand
77%
28 Cagayan - Brains vs. Brawn vs. Beauty
76%
20 Heroes vs. Villains
76%
13 Cook Islands
75%
17 Gabon - Earth's Last Eden
75%
24 One World
75%
31 Cambodia - Second Chance
74%
36 Ghost Island
74%
4 Marquesas
74%
9 Vanuatu - Islands of Fire
74%
11 Guatemala - The Maya Empire
72%
37 David vs. Goliath
70%
21 Nicaragua
69%
25 Philippines
69%
34 Game Changers
68%
30 Worlds Apart
68%
23 South Pacific
67%
38 Edge of Extinction
66%
18 Tocantins - The Brazilian Highlands
66%
33 Millennials vs. Gen X
65%
26 Caramoan - Fans vs. Favorites 2
63%
29 San Juan del Sur - Blood vs. Water 2
63%
35 Heroes vs. Healers vs. Hustlers
58%
32 Koah Rong - Brains vs. Brawn. vs. Beauty 2
49%
No matching quizzes found
Score Distribution
Percent of People with Each Score
Percentile by Number Answered
Your Score History
You have not taken this quiz